| 000 | 01003cam a22001934a 4500 | ||
|---|---|---|---|
| 005 | 20250605164337.0 | ||
| 008 | 250528s ||||||||||||||||||||||||d | ||
| 035 | _a23477 | ||
| 040 |
_aGR-AtMCL _bgre _dGR-AtMCL _eAACR2 |
||
| 245 | 1 | _aAn Interpretative Phenomenological Analysis/The Winner Takes It All. | |
| 260 | _c2015 | ||
| 300 | _a86 | ||
| 520 | _aAbstract, Introduction, The Pros and Cons of Support, Supportive or Stressing Care-Givers, Supportive Groups, The Doctor's Role, Coping Through Internal Mechanisms, Inner Strength Through Spirituality, Humour as a Defence Mechanism, Insecurity about Body Image, Methodology, Design, Participants, Material, Procedure-Data Collection, Analytic Strategy, Analysis, Contagious Worry, Reciprocity in Supportive Groups, Doctor's Behaviour, Internal Power, Mirroring Body Perception, Discussion, Conclusion, References. | ||
| 700 | 1 |
_aLouka Penelope _99017 |
|
| 700 | 1 |
_aTsimpinou Maria _99042 |
|
| 942 | _cDS | ||
| 999 |
_c8487 _d8487 |
||